| 000 | 00658cam a2200217 4500 | ||
|---|---|---|---|
| 999 |
_c108367 _d108367 |
||
| 005 | 20200124121529.0 | ||
| 008 | 200124b sp ||||| |||| 00| 0 spa d | ||
| 020 | _a8474326893 | ||
| 050 | 0 | 4 |
_aK355 _bR43 2000 |
| 100 | 1 |
_aRiddall, J. G., _eautor |
|
| 240 | 1 | 0 |
_aJurisprudence _lEspañol |
| 245 | 1 | 0 |
_aTeoría del derecho _c/ J.G. Riddall. |
| 250 | _a2a ed. | ||
| 260 |
_aBarcelona : _bGedisa, _c2000 |
||
| 300 |
_a283 p. ; _c22 cm. |
||
| 440 | 0 | _aCLA.DE.MA. Filosofía del derecho | |
| 490 | 0 | _aCLA.DE.MA. Filosofía del derecho | |
| 506 | _aDonado por la dirección de la facultad | ||
| 650 | 7 |
_2lemb _aTeria del derecho |
|
| 650 | 7 |
_2lemb _aFilosofia del derecho |
|
| 942 |
_2lcc _cLIB |
||